<Le> manager négociateur entretenir la confiance, construire la performance collective
Gespeichert in:
| 1. Verfasser: | |
|---|---|
| Weitere Verfasser: | |
| Format: | Buch |
| Sprache: | Französisch |
| Veröffentlicht: |
Paris
Dunod
2017
|
| Schriftenreihe: | Management/Leadership
|
| Schlagworte: | |
| Tags: |
Keine Tags, Fügen Sie das erste Tag hinzu!
|
MARC
| LEADER | 00000nam a2200000 4500 | ||
|---|---|---|---|
| 001 | 0235057 | ||
| 005 | 20240221114155.1 | ||
| 020 | |a 978-2-10-075026-9 | ||
| 041 | 0 | |a fre | |
| 044 | |a FR | ||
| 245 | 1 | 0 | |a <Le> manager négociateur |b entretenir la confiance, construire la performance collective |c Yves Halifa, Patricia Cadoux |
| 264 | 1 | |a Paris |b Dunod |c 2017 | |
| 300 | |a 276 s. | ||
| 490 | 1 | |a Management/Leadership | |
| 830 | 0 | |a Management/Leadership | |
| 610 | 2 | 0 | |a manažment |
| 610 | 2 | 0 | |a manažéri |
| 610 | 2 | 0 | |a vyjednávanie |
| 610 | 2 | 0 | |a rozhodovanie manažérske |
| 100 | 1 | |a Halifa, Yves | |
| 700 | 1 | |a Cadoux, Patricia | |